000 00650nam a2200277Ia 4500
005 20260324122333.0
008 008 260324s9999 xx 000 0 eng d
020 _a9781315655208
037 _aEBOOK
040 _aCRL
040 _beng
040 _cCRL
041 _2eng
041 _aeng
084 _qCRL
100 _aAnn Maire Kordas
_91166056
245 4 _aThe Politics of Childhood in Cold War America
260 _bTaylor and Francis
260 _c2013
365 _a
365 _b255
856 _uhttp://www.taylorfrancis.com/books/9781315655208
942 _cEBOOK
999 _c1758712
_d1758712